[Event "Lugano New op-B 8th"]
[Site "Lugano"]
[Date "2015.04.04"]
[Round "2"]
[White "Primerano, Carlo"]
[Black "Cittadini, Dario"]
[Result "1/2-1/2"]
[WhiteElo "1695"]
[BlackElo "1949"]
[PlyCount "138"]
[EventDate "2015.04.03"]
[EventType "swiss"]
[EventRounds "6"]
[EventCountry "SUI"]
[SourceTitle "CBM 165 Extra"]
[Source "ChessBase"]
[SourceDate "2015.04.21"]
[SourceVersion "1"]
[SourceVersionDate "2015.04.21"]
[SourceQuality "1"]

1. Nf3 Nf6 2. c4 g6 3. b3 Bg7 4. Bb2 0-0 5. g3 e6 6. Bg2 d5 7. cxd5 exd5 8. 0-0 c6 9. d4 Na6 10. Nc3 Re8 11. e3 Nc7 12. a4 Bd7 13. a5 Qc8 14. Ne5 Bh3 15. b4 Bxg2 16. Kxg2 Nd7 17. Nf3 Qd8 18. Qb3 a6 19. Na4 Nb5 20. Nc5 Rb8 21. Rfe1 Nf6 22. Ne5 Nd6 23. Rad1 Nfe4 24. f3 Nxc5 25. bxc5 Nb5 26. e4 dxe4 27. Qxf7+ Kh8 28. fxe4 Re7 29. Qf4 Qf8 30. Qxf8+ Rxf8 31. Nf3 Rfe8 32. e5 Rd7 33. Ng5 Kg8 34. e6 Rde7 35. Ba1 h6 36. Nf7 Rxe6 37. Rxe6 Rxe6 38. Nd8 Re7 39. Kf2 Bf6 40. d5 Bxa1 41. Rxa1 Rd7 42. dxc6 Rxd8 43. cxb7 Na7 44. Rb1 Nc6 45. Rb6 Nb8 46. Rxg6+ Kh7 47. Re6 Rd2+ 48. Ke3 Rxh2 49. Re8 Nc6 50. b8Q Nxb8 51. Rxb8 Rg2 52. Kf3 Rc2 53. Rc8 Kg7 54. Ke4 h5 55. c6 Kf7 56. Kf4 Rc5 57. c7 Ke7 58. Rh8 Rc4+ 59. Ke5 Kd7 60. Rh7+ Kc8 61. Kd6 Kb7 62. Rxh5 Rc6+ 63. Ke7 Rxc7+ 64. Ke6 Rg7 65. Rh3 Kc6 66. Kf6 Rg4 67. Kf5 Rg8 68. g4 Kb5 69. Ra3 Rf8+ 1/2-1/2

[Event "Lugano Paradiso op 8th"]
[Site "Lugano"]
[Date "2015.01.25"]
[Round "4"]
[White "Bossart, Peter"]
[Black "Cittadini, Dario"]
[Result "0-1"]
[WhiteElo "1350"]
[BlackElo "1938"]
[PlyCount "86"]
[EventDate "2015.01.23"]
[EventType "swiss"]
[EventRounds "5"]
[EventCountry "SUI"]
[SourceTitle "CBM 164 Extra"]
[Source "ChessBase"]
[SourceDate "2015.03.02"]
[SourceVersion "1"]
[SourceVersionDate "2015.03.02"]
[SourceQuality "1"]

1. d4 Nf6 2. Nf3 g6 3. Bg5 Bg7 4. h3 d6 5. Nc3 h6 6. Bxf6 Bxf6 7. e4 0-0 8. Bd3 Bg7 9. 0-0 Nc6 10. Bb5 Bd7 11. Bxc6 Bxc6 12. Qd2 Bd7 13. Rfe1 b6 14. Rad1 Bc6 15. b3 Bb7 16. Na4 c5 17. c4 cxd4 18. Nxd4 Kh7 19. Nf3 Qc7 20. Nc3 Rac8 21. Nd5 Qd8 22. e5 dxe5 23. Nxe5 e6 24. Nf4 Qc7 25. Qc3 Rcd8 26. Rxd8 Rxd8 27. Qe3 Bh8 28. Nf3 Qd6 29. Kh2 g5 30. g3 gxf4 31. gxf4 Qd3 32. Qxd3+ Rxd3 33. Ne5 Bxe5 34. fxe5 Rd2 35. a4 Rxf2+ 36. Kg3 Rf3+ 37. Kg4 Rxb3 38. a5 Rb4 39. Rc1 bxa5 40. Kg3 a4 41. c5 Bc6 42. Kf2 Re4 43. Kf3 Rc4+ 0-1

[Event "Lugano Paradiso op 8th"]
[Site "Lugano"]
[Date "2015.01.25"]
[Round "5"]
[White "Cittadini, Dario"]
[Black "Bussa, Paolo"]
[Result "1-0"]
[WhiteElo "1938"]
[BlackElo "1801"]
[PlyCount "131"]
[EventDate "2015.01.23"]
[EventType "swiss"]
[EventRounds "5"]
[EventCountry "SUI"]
[SourceTitle "CBM 164 Extra"]
[Source "ChessBase"]
[SourceDate "2015.03.02"]
[SourceVersion "1"]
[SourceVersionDate "2015.03.02"]
[SourceQuality "1"]

1. e4 c6 2. d4 d5 3. exd5 cxd5 4. Bd3 Nc6 5. Nf3 Bg4 6. c3 Nf6 7. 0-0 e6 8. Bg5 Be7 9. Nbd2 0-0 10. Qc2 h6 11. Bh4 Bxf3 12. Nxf3 a6 13. Rfe1 b5 14. Qe2 Nh5 15. Bxe7 Qxe7 16. g3 Nf6 17. Ne5 Rfc8 18. Rac1 Rc7 19. Bb1 Rac8 20. Qd3 Na7 21. Rc2 b4 22. Rec1 bxc3 23. Rxc3 Rxc3 24. Rxc3 Rxc3 25. Qxc3 g6 26. Kg2 Nb5 27. Qc8+ Kg7 28. Nc6 Qd6 29. Bd3 Nc7 30. Qb7 Ng8 31. a3 h5 32. b4 h4 33. Bxa6 e5 34. Nxe5 Qxa6 35. Qxc7 h3+ 36. Kg1 Nh6 37. Qc1 Qe2 38. Qf1 Qe4 39. Nc6 Nf5 40. Qxh3 Nxd4 41. Nxd4 Qxd4 42. Qh4 Qa1+ 43. Kg2 Qxa3 44. Qd4+ Kg8 45. b5 Qb3 46. b6 Qb5 47. Qf6 Qd7 48. Qd4 Qb7 49. h4 Qc6 50. Kh2 Kh7 51. Qb4 Qb7 52. Qc5 Qd7 53. Qc7 Qf5 54. Qf4 Qd7 55. Qd4 Qb7 56. g4 Qb8+ 57. f4 Qd6 58. h5 gxh5 59. gxh5 Qd7 60. Kg3 Qb5 61. Qf6 Qb3+ 62. Kh4 Qe3 63. Qxf7+ Kh8 64. Qf6+ Kh7 65. Qf5+ Kh8 66. Qe5+ 1-0

[Event "Lugano Paradiso op 8th"]
[Site "Lugano"]
[Date "2015.01.24"]
[Round "3"]
[White "Cittadini, Dario"]
[Black "Schneider, Antonio"]
[Result "1-0"]
[WhiteElo "1938"]
[BlackElo "1864"]
[PlyCount "82"]
[EventDate "2015.01.23"]
[EventType "swiss"]
[EventRounds "5"]
[EventCountry "SUI"]
[SourceTitle "CBM 164 Extra"]
[Source "ChessBase"]
[SourceDate "2015.03.02"]
[SourceVersion "1"]
[SourceVersionDate "2015.03.02"]
[SourceQuality "1"]

1. e4 g6 2. d4 Bg7 3. Nf3 c5 4. c3 Qc7 5. Be3 b6 6. Bd3 Nf6 7. h3 Bb7 8. Nbd2 d5 9. Bb5+ Nbd7 10. e5 Ne4 11. 0-0 a6 12. Ba4 0-0 13. Ng5 Nxg5 14. Bxg5 b5 15. Bc2 f6 16. exf6 exf6 17. Be3 c4 18. Nf3 f5 19. Re1 h6 20. Nh4 Rf6 21. Qc1 f4 22. Bd2 Nf8 23. Qd1 Qf7 24. Qe2 g5 25. Nf3 Re6 26. Qf1 Rae8 27. Rxe6 Rxe6 28. Re1 Bc8 29. Rxe6 Bxe6 30. Qe1 Ng6 31. Bc1 Qf6 32. a4 bxa4 33. Bxa4 h5 34. Bc2 g4 35. hxg4 hxg4 36. Nh2 f3 37. g3 Kf7 38. Qe3 Bf5 39. Bxf5 Qxf5 40. Qg5 Qd3 41. Qxg4 Qd1+ 1-0

[Event "Davos op 9th"]
[Site "Davos"]
[Date "2011.08.11"]
[Round "5"]
[White "Bigg, Andrew J"]
[Black "Cittadini, Dario"]
[Result "1-0"]
[WhiteElo "2316"]
[BlackElo "1991"]
[PlyCount "95"]
[EventDate "2011.08.07"]
[EventType "swiss"]
[EventRounds "7"]
[EventCountry "SUI"]
[SourceTitle "CBM 144 Extra"]
[Source "ChessBase"]
[SourceDate "2011.10.28"]
[SourceVersion "1"]
[SourceVersionDate "2011.10.28"]
[SourceQuality "1"]

1. d4 Nf6 2. Bg5 g6 3. Bxf6 exf6 4. g3 f5 5. e3 d5 6. Bg2 Qd6 7. Nd2 Bg7 8. Ne2 Nd7 9. 0-0 0-0 10. b3 Nf6 11. c4 Be6 12. Qc2 Qe7 13. Rac1 c6 14. cxd5 Bxd5 15. Nf4 Bxg2 16. Kxg2 Rfe8 17. Qc5 Ne4 18. Qxe7 Rxe7 19. Rfd1 Rd8 20. Nd3 Nxd2 21. Rxd2 Bf8 22. Rdc2 Red7 23. Rc4 f6 24. h4 Kf7 25. b4 Bd6 26. a4 a6 27. R4c3 h5 28. Rb3 Re7 29. Kf3 Rdd7 30. b5 cxb5 31. axb5 axb5 32. Rxb5 Rc7 33. Rcb1 Red7 34. Nc1 Be7 35. Nb3 Rc3 36. Kg2 Bd6 37. Na5 Ke7 38. Nxb7 Ba3 39. R1b3 Rxb3 40. Rxb3 Bd6 41. Kf3 Rc7 42. Rb6 Ba3 43. Na5 Kf7 44. Nc6 Rd7 45. Ra6 Bd6 46. Ke2 g5 47. Kf3 Bf8 48. hxg5 1-0

[Event "Lugano op"]
[Site "Lugano"]
[Date "2004.10.31"]
[Round "3"]
[White "Rosin, Federico"]
[Black "Cittadini, Dario"]
[Result "1/2-1/2"]
[WhiteElo "2132"]
[BlackElo "1922"]
[PlyCount "58"]
[EventDate "2004.10.30"]
[EventType "swiss"]
[EventRounds "6"]
[EventCountry "SUI"]
[SourceTitle "EXT 2007"]
[Source "ChessBase"]
[SourceDate "2006.11.23"]
[SourceVersion "1"]
[SourceVersionDate "2006.11.23"]
[SourceQuality "1"]

1. e4 e5 2. Nf3 Nc6 3. d4 exd4 4. Nxd4 Bc5 5. Nxc6 Qf6 6. Qd2 Qxc6 7. Bd3 b6 8. Nc3 Bb7 9. Qg5 Nf6 10. e5 Qe6 11. 0-0 h6 12. Qh4 Nd5 13. Bc4 Be7 14. Qe4 c6 15. Bb3 Nxc3 16. bxc3 d5 17. Qe2 0-0 18. f4 f6 19. Re1 fxe5 20. fxe5 Bc5+ 21. Be3 Qxe5 22. Bxc5 Qxe2 23. Rxe2 bxc5 24. Re7 Rf7 25. Rae1 Raf8 26. c4 Rxe7 27. Rxe7 Rf7 28. Re8+ Kh7 29. c3 g6 1/2-1/2

[Event "Lugano op"]
[Site "Lugano"]
[Date "2004.10.30"]
[Round "2"]
[White "Cittadini, Dario"]
[Black "Perissinotto, Claudio"]
[Result "1/2-1/2"]
[WhiteElo "1922"]
[BlackElo "2105"]
[PlyCount "91"]
[EventDate "2004.10.30"]
[EventType "swiss"]
[EventRounds "6"]
[EventCountry "SUI"]
[SourceTitle "EXT 2007"]
[Source "ChessBase"]
[SourceDate "2006.11.23"]
[SourceVersion "1"]
[SourceVersionDate "2006.11.23"]
[SourceQuality "1"]

1. e4 c5 2. c3 d5 3. exd5 Qxd5 4. d4 Nf6 5. Nf3 Nc6 6. Na3 cxd4 7. Nb5 Qd8 8. Nbxd4 Nxd4 9. Nxd4 e6 10. Bd3 Be7 11. 0-0 0-0 12. h3 Qc7 13. Qf3 Rd8 14. Bg5 Bd7 15. Bh4 Rac8 16. Rfe1 Bc6 17. Qe2 Bd5 18. Nf5 Bf8 19. Bxf6 gxf6 20. Qg4+ Kh8 21. Qh5 Bc4 22. Be4 Bd3 23. Nd6 Bxe4 24. Nxe4 Bg7 25. Qh4 Qe5 26. Ng3 Qg5 27. Qb4 Rc7 28. Ne4 Qf4 29. Rad1 Rcd7 30. Rxd7 Rxd7 31. Qb5 Qc7 32. Nc5 Re7 33. Ne4 f5 34. Ng5 Rd7 35. Qe2 h6 36. Nf3 Qd6 37. g3 Kg8 38. Ne5 Qxe5 39. Qxe5 Bxe5 40. Rxe5 Rd2 41. Rb5 b6 42. Kf1 Kf8 43. Rb4 Ke7 44. Ke1 Rc2 45. a4 Kd6 46. Rd4+ 1/2-1/2